Ilustración creadora.

Guardat en:
Dades bibliogràfiques
Autor principal: Loomis, Andrew (autor)
Format: Llibre
Publicat: Buenos Aires, Argentina: Lancelot, 2009.
Edició:1ra.edición.
Matèries:
Etiquetes: Afegir etiqueta
Sense etiquetes, Sigues el primer a etiquetar aquest registre!

MARC

LEADER 00000nam a22000007a 4500
003 CL-VaPUC
005 20250321101918.0
008 250114t2009 ||||| |||| 00| 0 eng d
999 |c 446498  |d 446496 
020 |a 978-987-22621-7-4 
040 |c Pontificia Universidad Católica de Valparaíso 
082 7 |a 741.6 LOO 2009  |2 22 
100 |a Loomis, Andrew  |9 373967  |e autor 
245 |a Ilustración creadora.  
250 |a 1ra.edición. 
260 |a Buenos Aires, Argentina:  |b Lancelot,   |c 2009. 
300 |a 300 páginas :   |b ilustraciones. 
500 |a c.1. Instituto Arcos 8-1-2025. 
583 |c 20250114  |k Cristina María Rojas Aguilar 
650 0 |a Dibujo  |9 895225  |x Estudio y enseñanza 
942 |2 ddc  |c BK  |n 0 
952 |0 0  |1 0  |2 ddc  |4 0  |6 741_600000000000000_LOO_2009  |7 0  |8 A  |9 599267  |a BIBINC  |b BIBINC  |d 2025-01-14  |e Instituto Arcos  |i 5664325  |l 2  |m 1  |o 741.6 LOO 2009  |p 5664325  |r 2025-04-25  |s 2025-04-25  |t 1  |w 2025-01-14  |y BK  |k IFP 
952 |0 0  |1 0  |2 ddc  |4 0  |6 741_600000000000000_LOO_2009  |7 0  |8 A  |9 599268  |a BIBINC  |b BIBINC  |d 2025-01-14  |e Instituto Arcos  |i 5664326  |l 1  |o 741.6 LOO 2009  |p 5664326  |r 2025-04-21  |s 2025-03-26  |t 2  |w 2025-01-14  |y BK  |k IFP 
952 |0 0  |1 0  |2 ddc  |4 0  |6 741_600000000000000_LOO_2009  |7 0  |8 A  |9 599269  |a BIBINC  |b BIBINC  |d 2025-01-14  |e Instituto Arcos  |i 5664327  |l 1  |o 741.6 LOO 2009  |p 5664327  |r 2025-05-02  |s 2025-04-21  |t 3  |w 2025-01-14  |y BK  |k IFP